000 00869nam a2200217Ii 4500
003 JO-AjNU
008 230605s9999||||xx |||||||||||||| ||und||
017 _a2012/9/3303
020 _a978-9957-19-047-7
040 _aJO-AjNU
_bara
_erda
_cJO-AjNU
041 _aara
050 1 4 _aLB1028.R82 2012
100 3 _aذياب، بوسف تأليف،وآخرون؛ محافظة، علي مراجعة وتقديم,
_eauthor
_949608
245 0 0 _aروافع التعليم ومسؤولية المجتمع
264 3 1 _aعمان:مؤسسة عبد الحميد شومان،2012
300 _a293ص
336 _atext
_btxt
_2rdacontent
337 _aunmediated
_bn
_2rdamedia
338 _avolume
_bnc
_2rdacarrier
650 4 _aالتعليم الجامعي-العالم العربي-الأردن-علم الاجتماع التربوي-مقالات ومحاضرات
_949609
999 _aA21799
_c25367
_d25367